Good Harvest Partnership LLP v Centaur Services Ltd (Record no. 82264)
[ view plain ]
| 000 -LEADER | |
|---|---|
| fixed length control field | 01235cad a22002175a 4500 |
| 001 - CONTROL NUMBER | |
| control field | L149727 |
| 005 - DATE AND TIME OF LATEST TRANSACTION | |
| control field | 20230706105611.0 |
| 008 - FIXED-LENGTH DATA ELEMENTS--GENERAL INFORMATION | |
| fixed length control field | 100415s2010 xxk 000 0 eng d |
| 035 ## - SYSTEM CONTROL NUMBER | |
| System control number | (Sirsi) u149727 |
| 041 0# - LANGUAGE CODE | |
| Language code of text/sound track or separate title | eng |
| 245 00 - TITLE STATEMENT | |
| Title | Good Harvest Partnership LLP v Centaur Services Ltd |
| 260 ## - PUBLICATION, DISTRIBUTION, ETC. | |
| Date of publication, distribution, etc. | 2010 |
| 520 ## - SUMMARY, ETC. | |
| Summary, etc. | [2001] EWHC 330 (Ch) 23 February 2010. Questions whether Landlord and Tenant (Covenants) Act 1995 precludes a person who has guaranteed a tenant's obligations under a lease from being required to give a further guarantee in respect of an assignee of the lease. Claimant landlord G's application to recover unpaid rent from C persuant to an authorised guarantee agreement was contested by G on the grounds that the agreement was null and void and unforceable by reasons of s25 and s24 of the 1995 Act. Application dismissed. |
| 590 ## - LOCAL NOTE (RLIN) | |
| Local note | KA |
| 650 24 - SUBJECT ADDED ENTRY--TOPICAL TERM | |
| Topical term or geographic name entry element | GOOD HARVEST PARTNERSHIP LLP V CENTAUR SERVICES LTD |
| 650 24 - SUBJECT ADDED ENTRY--TOPICAL TERM | |
| Topical term or geographic name entry element | LANDLORD AND TENANT (COVENANTS) ACT 1995 |
| 651 #4 - SUBJECT ADDED ENTRY--GEOGRAPHIC NAME | |
| Geographic name | ENGLAND AND WALES |
| 690 ## - LOCAL SUBJECT ADDED ENTRY--TOPICAL TERM (OCLC, RLIN) | |
| Topical term or geographic name as entry element | PROPERTY-COMMERCIAL PROPERTY-COMMERCIAL LANDLORD AND TENANT |
| 856 48 - ELECTRONIC LOCATION AND ACCESS | |
| Uniform Resource Identifier | <a href="https://www.bailii.org/ew/cases/EWHC/Ch/2010/330.html">https://www.bailii.org/ew/cases/EWHC/Ch/2010/330.html</a> |
| Public note | View this item free of charge at www.bailli.org |
| 942 ## - ADDED ENTRY ELEMENTS (KOHA) | |
| Suppress in OPAC | 0 |
| Source of classification or shelving scheme | Dewey Decimal Classification |
| Withdrawn status | Lost status | Source of classification or shelving scheme | Damaged status | Not for loan | Home library | Current library | Shelving location | Date acquired | Total Checkouts | Full call number | Barcode | Date last seen | Copy number | Price effective from | Koha item type |
|---|---|---|---|---|---|---|---|---|---|---|---|---|---|---|---|
| Dewey Decimal Classification | Virtual | Virtual | Online | 15/04/2010 | ONLINE JUDGMENT | 149727-2001 | 06/08/2019 | 1 | 06/08/2019 | Law report |